LEADER 01021nam a2200253 u 4500 001 000000052685 003 CaOOAMICUS 005 20070226115457.0 008 001023s1971 it u000 u ita u 035 $a10859166 040 $aPUL(R)$bita 100 1 $aMarotta, Vito.$0(OLS)http://pul/name/37303 245 13$aIl problema dei figli nella patologia del matrimonio /$cVito Marotta. 260 $aNapoli :$bLibreria Editrice Redenzione,$c1971. 300 $a121 p. ;$c24 cm 500 $aComprende indice. 504 $aBibliografia in nota. 650 4$aFamiglia.$0(OLS)http://pul/subject/1197 650 4$aMatrimonio.$0(OLS)http://pul/subject/1360 850 $aPUL 852 $aPUL$W1$xDP1 Fondo Ciprotti$y59$m1543 E 23$j69621$nBK-PRI$b $qFondi$B69621$CPULBib$Z2$F69621 $H $81 941 1 $a1 996 $6245$aIl problema dei figli nella patologia del matrimonio$9(OLS)http://pul/title/70645 996 $6260$aNapoli :$bLibreria Editrice Redenzione$9(OLS)http://pul/publisher/59979 LEADER 01128nam a2200265 u 4500 001 000000062982 003 CaOOAMICUS 005 20070226121208.0 008 011016s1996 it u000 u ita u 020 $a8841254033 035 $a10906553 040 $aPUL(R)$bita 100 1 $aAlteriani, Fulvio.$0(OLS)http://pul/name/42816 245 10$aGuida alle filosofie orientali :$bconfucianesimo, taoismo, buddismo, zen, induismo, shintoismo ecc. /$cFulvio Alteriani. 260 $aMilano :$bG. De Vecchi,$cc1996. 300 $a255 p. ;$c24 cm 504 $aBibliografia: p. 245-250. 650 4$aReligioni orientali.$0(OLS)http://pul/subject/3496 850 $aPUL 852 $aPUL$W1$xSL Religione 1$y3$m70 A 110$j81784$nBK-PRI$b $qStampati$B81784$CPULBib$Z2$F81784 $H $81 941 1 $a8 961 $aINV: 76553 996 $6020$a8841254033$9(OLS)http://pul/number/81733 996 $6245$aGuida alle filosofie orientali :$bconfucianesimo, taoismo, buddismo, zen, induismo, shintoismo ecc.$9(OLS)http://pul/title/84011 996 $6260$aMilano :$bG. De Vecchi$9(OLS)http://pul/publisher/64350